Determinación de factores camión en rutas municipales urbanas de alto tránsito
Guardat en:
| Autor principal: | |
|---|---|
| Format: | Llibre |
| Idioma: | Spanish |
| Publicat: |
[San José], Costa Rica
2009
|
| Matèries: |
TRAFICO DE CARRETERAS
> PAVIMENTOS DE ASFALTO
> DISEÑO Y CONSTRUCCION
> RESISTENCIA DE MATERIALES
> CARRETERAS
> TRANSPORTE - MANTENIMIENTO Y REPARACION
> DISEÑO Y CONSTRUCCION
> RESISTENCIA DE MATERIALES
> CARRETERAS
> TRANSPORTE - MANTENIMIENTO Y REPARACION
> INGENIERÍA DEL TRÁNSITO
> CAMIONES
> CARGA
|
| Etiquetes: |
Afegir etiqueta
Sense etiquetes, Sigues el primer a etiquetar aquest registre!
|
MARC
| LEADER | 00000nam a2200000Ia 4500 | ||
|---|---|---|---|
| 003 | 001530 | ||
| 005 | 20221231144042.0 | ||
| 008 | 140114s2009 cr ab 000 0|spa d | ||
| 040 | |c cru CEDI | ||
| 090 | |a TFG 6044 | ||
| 100 | |a Rony Rojas, Luz Mariana |9 3363 | ||
| 245 | |a Determinación de factores camión en rutas municipales urbanas de alto tránsito | ||
| 260 | |c 2009 |b [San José], Costa Rica | ||
| 500 | |a Tesis (licenciatura en ingeniería civil)--Universidad de Costa Rica. Facultad de Ingeniería. Escuela de Ingeniería Civil | ||
| 650 | |x TRAFICO DE CARRETERAS |x PAVIMENTOS DE ASFALTO |x DISEÑO Y CONSTRUCCION |x RESISTENCIA DE MATERIALES |x CARRETERAS |x TRANSPORTE - MANTENIMIENTO Y REPARACION |x DISEÑO Y CONSTRUCCION |x RESISTENCIA DE MATERIALES |x CARRETERAS |x TRANSPORTE - MANTENIMIENTO Y REPARACION |x INGENIERÍA DEL TRÁNSITO |x CAMIONES |x CARGA |9 3364 | ||
| 942 | |c TFG | ||
| 999 | |c 16176 |d 16176 | ||
